00349nam a2200097Ia 4500008004100000082001800041100002300059245005700082260005400139650005800193211119s9999||||xx |||||||||||||| ||und|| a572.86bWIN-U aWinfrey, Michael R 0aUnraveling DNA: Molecular Biology for the Laboratory bPearson India Education ServicesaNew Delhic2009 asciencevLife sciences; biologyZoologyxGeneral Stack